书目信息 |
| 书名: | MI6 :the history of the Secret Intelligence Service 1909-1949 | |
| 作者: | Keith Jeffery. | |
| 分册号: | ||
| 分册名: | 出版地: | London |
|
| 出版社: | Bloomsbury | |
| 出版时间: | 2010. | |
| 页数: | xxi, 810 p., [32] p. of plates : | |
| 开本: | 24 cm. | |
| 丛书名: | ||
| 中图分类号: | ||
| 科图分类号: | ||
| 其他分类号: | D756.136 | |
| 主题词: | ||
| 电子资源: | ||
| 000 | 00617cam 22001814a 450 | |
| 001 | 202012002179 | |
| 005 | 20121125105344.0 | |
| 008 | 101013s2010 enkaf 001 0 eng d | |
| 020 | @a9780747591832@bHard@c£30.00 | |
| 040 | @aUKM@cUKM | |
| 099 | @dD756.136@eK284 | |
| 245 | 10 | @aMI6 :the history of the Secret Intelligence Service 1909-1949 @cKeith Jeffery. |
| 260 | @aLondon @bBloomsbury,@c2010. | |
| 300 | @axxi, 810 p., [32] p. of plates :@bill@c24 cm. | |
| 610 | 10 | @aGreat Britain.@bMI6@xHistory. |
| 650 | 0 | @aIntelligence service@zGreat Britain@xHistory@y20th century. |
| 905 | @b12253-4 | |
| 905 | @aTSG@dD756.136@eK284 | |
| MI6 :the history of the Secret Intelligence Service 1909-1949 / Keith Jeffery.-London : Bloomsbury, , 2010. |
| xxi, 810 p., [32] p. of plates : : ill ; 24 cm. |
| ISBN 9780747591832Hard£30.00 |
| ● |
| 相关链接 |
|
|
|
正题名:MI6 :the history of the Secret Intellige
索取号:D756.136/K284
 
预约/预借
| 序号 | 登录号 | 条形码 | 馆藏地/架位号 | 状态 | 备注 |
| 1 | 12253 | 300122533 | 社科库509/509社科库 53排1列2层/ [索取号:D756.136/K284] | 在馆 | |
| 2 | 12254 | 300122542 | 社科库509/509社科库 53排1列2层/ [索取号:D756.136/K284] | 在馆 |